000
00243nam a22000857a 4500
008
161202b xxu||||| |||| 00| 0 eng d
100
_9
1731
_a
Arya,A.B., etal
245
_a
Open Windows A Course in English : Work Book-4
260
_a
New Delhi
_b
Pencraft
999
_c
4440
_d
4440